Statistics for Star wars episode 3 The Revenge of the Sith

Click here to take the quiz!

General Stats

  • This quiz has been taken 80 times
  • The average score is 19 of 24

Answer Stats

HintAnswer% Correct
Who is the other jedi knight who comes to rescue the senatorAnakin skywalker
99%
Who is the jedi knight who comes to rescue the senatorObi wan kenobi
99%
Who does anakin almost kill by chocking them to deathpadme amidala
93%
Who is the blue and white droid that accompanies the 2 jediR2D2
93%
Who is the senator that the droids captureSenator Palpatine
93%
Who is the girl padme gives birth to before she diesLeia Skywalker
92%
Who is the boy padme gives birth to before she diesLuke Skywalker
92%
Who is the sith that is apart of the capturing (dies on the ship)Count Dooku
91%
Who is the jedi master killed by a jedi/sith (wields a purple lightsaber)Mace Windu
88%
What does lord vader and the emporer begin construction onThe Death Star
85%
Who is the jedi almost killed on the planet kashyyykYoda
85%
What is the order sent out by the sith to kill all the jediorder 66
84%
Who is the droid leader that captures the senatorgeneral grievous
80%
Who is the sith lord that is working undercover in the republicdarth sidious
78%
What is the new name to the jedi under the command of the sith lordDarth Vader
77%
Where does lord vader go to finish off the CIS (lava planet)Mustafar
76%
For the survival of the boy who does obiwan give the boy toowen and beru
76%
Where does lord vader lead the clones to kill all the jedi padawansThe Jedi Temple
76%
What planet does the ship crash land at (republic owned planet)coruscant
73%
Who is the jedi that is killed in the starfighterPlo koon
73%
For the survival of the girl who does obi wan give the girl toBail Organa
66%
Who is the jedi that is killed in Mygettoki adi mundi
66%
Who is the jedi that is killed in FeluciaAayla Secura
55%
What planet does the jedi travel to to find the droid leaderutapau
54%

Score Distribution

Percentile by Number Answered

Percent of People with Each Score

Your Score History

You have not taken this quiz